[Event "Livny"]
[Site "Livny"]
[Date "2017.07.09"]
[Round "9"]
[White "Saulin, Dmitri"]
[Black "Lunev, Andrey"]
[Result "1/2-1/2"]
[WhiteElo "2374"]
[BlackElo "2423"]
[PlyCount "73"]
[EventDate "2017.07.01"]
[EventType "tourn"]
[EventRounds "9"]
[EventCountry "RUS"]
[EventCategory "6"]
[SourceTitle "EXT 2018"]
[Source "ChessBase"]
[SourceDate "2017.10.13"]
[SourceVersion "1"]
[SourceVersionDate "2017.10.13"]
[SourceQuality "1"]

1. e4 d6 2. d4 g6 3. Bc4 Bg7 4. Nf3 c6 5. Bb3 Nf6 6. Nbd2 0-0 7. 0-0 Bg4 8. h3 Bxf3 9. Qxf3 d5 10. c3 a5 11. e5 Nfd7 12. Qg3 a4 13. Bc2 c5 14. Nf3 Nc6 15. e6 fxe6 16. Re1 Rxf3 17. Qxf3 cxd4 18. Bf4 a3 19. bxa3 dxc3 20. Rxe6 Nd4 21. Qxd5 Ra5 22. Qc4 Rc5 23. Qd3 Rf5 24. Re4 Nc5 25. Qc4+ Qd5 26. Rxd4 Bxd4 27. Qxd5+ Rxd5 28. Rd1 e6 29. Kf1 Kf7 30. Ke2 e5 31. Bc1 Rd6 32. f4 Rf6 33. Rf1 exf4 34. Rxf4 Rxf4 35. Bxf4 Kf6 36. Bd6 Ke6 37. Bxc5 1/2-1/2

[Event "Livny"]
[Site "Livny"]
[Date "2017.07.06"]
[Round "6"]
[White "Kalugin, Sergey V"]
[Black "Lunev, Andrey"]
[Result "1/2-1/2"]
[WhiteElo "2414"]
[BlackElo "2423"]
[PlyCount "29"]
[EventDate "2017.07.01"]
[EventType "tourn"]
[EventRounds "9"]
[EventCountry "RUS"]
[EventCategory "6"]
[SourceTitle "EXT 2018"]
[Source "ChessBase"]
[SourceDate "2017.10.13"]
[SourceVersion "1"]
[SourceVersionDate "2017.10.13"]
[SourceQuality "1"]

1. e4 e6 2. d4 d5 3. exd5 exd5 4. Bd3 Bd6 5. Nf3 Nf6 6. 0-0 0-0 7. Bg5 Bg4 8. Nbd2 Nbd7 9. c3 c6 10. Qc2 Qc7 11. Rfe1 Rfe8 12. h3 Bxf3 13. Nxf3 h6 14. Bxf6 Nxf6 15. Rxe8+ 1/2-1/2

[Event "Livny"]
[Site "Livny"]
[Date "2017.07.01"]
[Round "1"]
[White "Lunev, Andrey"]
[Black "Domogaev, Sergey"]
[Result "1/2-1/2"]
[WhiteElo "2423"]
[BlackElo "2395"]
[PlyCount "59"]
[EventDate "2017.07.01"]
[EventType "tourn"]
[EventRounds "9"]
[EventCountry "RUS"]
[EventCategory "6"]
[SourceTitle "EXT 2018"]
[Source "ChessBase"]
[SourceDate "2017.10.13"]
[SourceVersion "1"]
[SourceVersionDate "2017.10.13"]
[SourceQuality "1"]

1. e4 e5 2. Nf3 Nc6 3. Bb5 Nf6 4. 0-0 Nxe4 5. d4 Nd6 6. Bxc6 dxc6 7. dxe5 Nf5 8. Qxd8+ Kxd8 9. Nc3 Ke8 10. h3 h5 11. Bf4 Be7 12. Rad1 Be6 13. Ng5 Rh6 14. g3 Bxg5 15. Bxg5 Rg6 16. h4 f6 17. exf6 gxf6 18. Bf4 Nxh4 19. f3 Rd8 20. Rxd8+ Kxd8 21. Kf2 Nf5 22. Rh1 Ng7 23. b3 Bf5 24. Nd1 Bxc2 25. Ne3 Bf5 26. Nxf5 Nxf5 27. Rxh5 Ne7 28. Rh7 Nd5 29. Rh8+ Kd7 30. Rh7+ 1/2-1/2

[Event "Kosaja Gora Autumn"]
[Site "Kosaja Gora"]
[Date "2014.11.23"]
[Round "8"]
[White "Lunev, Andrey"]
[Black "Sevdimaliyev, Urfan"]
[Result "0-1"]
[WhiteElo "2418"]
[BlackElo "2493"]
[PlyCount "80"]
[EventDate "2014.11.16"]
[EventType "tourn"]
[EventRounds "9"]
[EventCountry "RUS"]
[EventCategory "6"]
[SourceTitle "CBM 163 Extra"]
[Source "ChessBase"]
[SourceDate "2014.12.23"]
[SourceVersion "1"]
[SourceVersionDate "2014.12.23"]
[SourceQuality "1"]

1. e4 c5 2. Nf3 d6 3. d4 cxd4 4. Nxd4 Nf6 5. Nc3 a6 6. Bc4 e6 7. Bb3 b5 8. f4 Bb7 9. f5 e5 10. Nde2 Be7 11. Ng3 h5 12. Bg5 Nbd7 13. h4 b4 14. Nd5 Nxd5 15. Bxd5 Bxg5 16. hxg5 Qxg5 17. Rh3 Bxd5 18. Qxd5 Rc8 19. Qd2 Qxd2+ 20. Kxd2 Nf6 21. a3 h4 22. axb4 Rh6 23. Ne2 Nxe4+ 24. Kc1 Rh5 25. g4 Rh6 26. Rxa6 Nf2 27. g5 Rh5 28. Rh2 Nd3+ 29. Kd1 Nxb4 30. Rxd6 Rxc2 31. f6 gxf6 32. gxf6 Rc6 33. Rxc6 Nxc6 34. Kd2 Kd7 35. Ke3 Ke6 36. Nc3 Kxf6 37. Ne4+ Ke7 38. Rc2 Nd4 39. Rc7+ Ke6 40. b4 h3 0-1

[Event "Kosaja Gora Autumn"]
[Site "Kosaja Gora"]
[Date "2014.11.20"]
[Round "5"]
[White "Lunev, Andrey"]
[Black "Arakeljan, Armen M"]
[Result "1/2-1/2"]
[WhiteElo "2418"]
[BlackElo "2266"]
[PlyCount "61"]
[EventDate "2014.11.16"]
[EventType "tourn"]
[EventRounds "9"]
[EventCountry "RUS"]
[EventCategory "6"]
[SourceTitle "CBM 163 Extra"]
[Source "ChessBase"]
[SourceDate "2014.12.23"]
[SourceVersion "1"]
[SourceVersionDate "2014.12.23"]
[SourceQuality "1"]

1. e4 e5 2. Nf3 Nf6 3. d4 Nxe4 4. Bd3 d5 5. Nxe5 Nd7 6. Qe2 Nxe5 7. Bxe4 dxe4 8. Qxe4 Be6 9. Qxe5 Qd7 10. Nc3 0-0-0 11. Be3 Bb4 12. 0-0 f6 13. Qf4 Bxc3 14. bxc3 Rhe8 15. Rfe1 Kb8 16. f3 Bf5 17. d5 Qxd5 18. Bxa7+ Kc8 19. Bf2 Bxc2 20. Rxe8 Rxe8 21. a4 h5 22. a5 Bd3 23. Qb4 Ba6 24. Re1 Rxe1+ 25. Bxe1 Qc4 26. Qf8+ Kd7 27. Qxg7+ Kc8 28. Qf8+ Kd7 29. Qg7+ Kc8 30. Qf8+ Kd7 31. Qg7+ 1/2-1/2

[Event "Kosaja Gora Autumn"]
[Site "Kosaja Gora"]
[Date "2014.11.18"]
[Round "3"]
[White "Lunev, Andrey"]
[Black "Pogosian, Georgy"]
[Result "1-0"]
[WhiteElo "2418"]
[BlackElo "2330"]
[PlyCount "71"]
[EventDate "2014.11.16"]
[EventType "tourn"]
[EventRounds "9"]
[EventCountry "RUS"]
[EventCategory "6"]
[SourceTitle "CBM 163 Extra"]
[Source "ChessBase"]
[SourceDate "2014.12.23"]
[SourceVersion "1"]
[SourceVersionDate "2014.12.23"]
[SourceQuality "1"]

1. e4 e6 2. d4 d5 3. Nc3 dxe4 4. Nxe4 Nd7 5. Nf3 Ngf6 6. Nxf6+ Nxf6 7. c3 c5 8. Be3 Nd5 9. Bb5+ Bd7 10. Bxd7+ Qxd7 11. Ne5 Qc7 12. Qa4+ Ke7 13. 0-0 f6 14. Nf3 c4 15. Nd2 Nb6 16. Qd1 Rd8 17. Qh5 Rd5 18. Qe2 Kf7 19. b3 cxb3 20. axb3 a6 21. c4 Rd7 22. Ne4 Be7 23. Rac1 f5 24. Ng5+ Bxg5 25. Qh5+ g6 26. Qxg5 Re8 27. d5 exd5 28. cxd5 Qd6 29. Bc5 Qc7 30. d6 Qc6 31. Qh4 Kg8 32. Qd4 Re4 33. Bxb6 Rxd4 34. Rxc6 R4xd6 35. Rxd6 Rxd6 36. Bc5 1-0

[Event "Kosaja Gora Autumn"]
[Site "Kosaja Gora"]
[Date "2014.11.16"]
[Round "1"]
[White "Lunev, Andrey"]
[Black "Bernshteyn, Michael"]
[Result "1-0"]
[WhiteElo "2418"]
[BlackElo "2465"]
[PlyCount "69"]
[EventDate "2014.11.16"]
[EventType "tourn"]
[EventRounds "9"]
[EventCountry "RUS"]
[EventCategory "6"]
[SourceTitle "CBM 163 Extra"]
[Source "ChessBase"]
[SourceDate "2014.12.23"]
[SourceVersion "1"]
[SourceVersionDate "2014.12.23"]
[SourceQuality "1"]

1. d4 d5 2. c4 e6 3. Nf3 c5 4. cxd5 exd5 5. g3 Nc6 6. Bg2 Nf6 7. 0-0 Be7 8. Nc3 0-0 9. dxc5 Bxc5 10. Bg5 d4 11. Bxf6 Qxf6 12. Nd5 Qd8 13. Nd2 Re8 14. Re1 a6 15. Rc1 Ba7 16. Qb3 h6 17. Nf4 Rb8 18. Nc4 Bg4 19. h3 Be6 20. Qa3 Bxc4 21. Bxc6 bxc6 22. Rxc4 Qb6 23. Nd3 Rb7 24. Ra4 Rbe7 25. Rxa6 Qb7 26. b4 Bb6 27. Qa4 Rxe2 28. Rxe2 Rxe2 29. Ra8+ Kh7 30. Qa6 Qd7 31. Qxb6 Qf5 32. Qxd4 Rd2 33. Ra3 Qf3 34. Ne1 Qe2 35. Qe3 1-0

[Event "Bogoroditsk 12"]
[Site "Bogoroditsk"]
[Date "2011.12.13"]
[Round "2"]
[White "Tishin, Petr"]
[Black "Lunev, Andrey"]
[Result "1/2-1/2"]
[WhiteElo "2415"]
[BlackElo "2415"]
[PlyCount "57"]
[EventDate "2011.12.12"]
[EventType "tourn"]
[EventRounds "13"]
[EventCountry "RUS"]
[EventCategory "6"]
[SourceTitle "CBM 146 Extra"]
[Source "ChessBase"]
[SourceDate "2012.02.29"]
[SourceVersion "1"]
[SourceVersionDate "2012.02.29"]
[SourceQuality "1"]

1. e4 e5 2. Nf3 Nc6 3. d4 exd4 4. Nxd4 Bc5 5. Nb3 Bb6 6. Nc3 Nge7 7. a4 a5 8. Bg5 h6 9. Bh4 Nb4 10. Be2 0-0 11. 0-0 d6 12. Qd2 Be6 13. Nb5 Bxb3 14. cxb3 Qd7 15. Rad1 Rfe8 16. Bg3 Qe6 17. Bc4 Qxe4 18. Bxd6 Rad8 19. Qf4 Qxf4 20. Bxf4 Ned5 21. Bg3 c6 22. Nd6 Re6 23. Nf5 Bc5 24. h3 Rde8 25. Nd4 Rg6 26. Kh2 Rf6 27. Nf3 Rfe6 28. Nd4 Bxd4 29. Rxd4 1/2-1/2

[Event "Kimovsk"]
[Site "Kimovsk"]
[Date "2011.02.24"]
[Round "8"]
[White "Kalinichev, Andrey"]
[Black "Lunev, Andrey"]
[Result "1/2-1/2"]
[WhiteElo "2407"]
[BlackElo "2403"]
[PlyCount "86"]
[EventDate "2011.02.19"]
[EventType "tourn"]
[EventRounds "9"]
[EventCountry "RUS"]
[EventCategory "7"]
[SourceTitle "CBM 141 Extra"]
[Source "ChessBase"]
[SourceDate "2011.05.03"]
[SourceVersion "1"]
[SourceVersionDate "2011.05.03"]
[SourceQuality "1"]

1. e4 c5 2. Nf3 Nc6 3. d4 cxd4 4. Nxd4 Nf6 5. Nc3 e5 6. Ndb5 d6 7. Bg5 a6 8. Na3 b5 9. Bxf6 gxf6 10. Nd5 f5 11. Bd3 Be6 12. c3 Bg7 13. Qh5 0-0 14. 0-0 f4 15. Nc2 f5 16. Ncb4 Nxb4 17. Nxb4 a5 18. Nc2 Qe8 19. Qxe8 Raxe8 20. exf5 Bxf5 21. Bxf5 Rxf5 22. Rad1 Rc8 23. Rxd6 b4 24. Rd5 bxc3 25. bxc3 Rxc3 26. Nd4 Rf7 27. Ne6 Ra3 28. Rd8+ Bf8 29. Re1 Rxa2 30. h3 h6 31. Rxe5 Rf6 32. Re4 Rb2 33. Nxf4 Rd6 34. Rxd6 Bxd6 35. Rd4 Be5 36. Re4 Bd6 37. g3 Rb4 38. Re6 Bxf4 39. gxf4 Kg7 40. Ra6 a4 41. f5 Rb3 42. Rxa4 Rxh3 43. Kg2 Rh5 1/2-1/2

[Event "Kimovsk"]
[Site "Kimovsk"]
[Date "2011.02.19"]
[Round "1"]
[White "Lunev, Andrey"]
[Black "Arakeljan, Armen M"]
[Result "1-0"]
[WhiteElo "2403"]
[BlackElo "2300"]
[PlyCount "59"]
[EventDate "2011.02.19"]
[EventType "tourn"]
[EventRounds "9"]
[EventCountry "RUS"]
[EventCategory "7"]
[SourceTitle "CBM 141 Extra"]
[Source "ChessBase"]
[SourceDate "2011.05.03"]
[SourceVersion "1"]
[SourceVersionDate "2011.05.03"]
[SourceQuality "1"]

1. e4 c5 2. c3 d5 3. exd5 Qxd5 4. d4 cxd4 5. cxd4 Nc6 6. Nf3 Bg4 7. Nc3 Bxf3 8. Nxd5 Bxd1 9. Nc7+ Kd7 10. Nxa8 Bh5 11. d5 Nb4 12. Bb5+ Kc8 13. Be3 Nc2+ 14. Kd2 Nxa1 15. Rc1+ Kd8 16. Bxa7 e6 17. Bb6+ Ke7 18. Bc5+ Kd8 19. Bxf8 Ne7 20. Bxg7 Rg8 21. Be5 Nxd5 22. Nb6 Ke7 23. Nxd5+ exd5 24. Bg3 Bg4 25. Rxa1 Ra8 26. Bd3 h5 27. Rc1 Rxa2 28. Rc7+ Kd8 29. Rxb7 Be6 30. Ke3 1-0

[Event "Kireevsk"]
[Site "Kireevsk"]
[Date "2011.02.07"]
[Round "13"]
[White "Lunev, Andrey"]
[Black "Abbasifar, Hasan"]
[Result "0-1"]
[WhiteElo "2403"]
[BlackElo "2411"]
[PlyCount "70"]
[EventDate "2011.02.01"]
[EventType "tourn"]
[EventRounds "13"]
[EventCountry "RUS"]
[EventCategory "6"]
[SourceTitle "CBM 141 Extra"]
[Source "ChessBase"]
[SourceDate "2011.05.03"]
[SourceVersion "1"]
[SourceVersionDate "2011.05.03"]
[SourceQuality "1"]

1. e4 c5 2. Nf3 d6 3. g3 Nf6 4. d3 g6 5. Bg2 Bg7 6. 0-0 0-0 7. Re1 Nc6 8. c3 Bg4 9. h3 Bxf3 10. Bxf3 Nd7 11. Bg2 Rb8 12. Be3 Qc7 13. Na3 b5 14. Nc2 b4 15. d4 a5 16. Qd2 a4 17. f4 bxc3 18. bxc3 Rb2 19. Qd3 Rfb8 20. Re2 Na7 21. f5 c4 22. Qd2 Nb5 23. Rf2 Qa5 24. fxg6 hxg6 25. Bg5 Bf6 26. Bxf6 exf6 27. g4 Rc8 28. Bf3 Nb6 29. Qe3 Qxc3 30. Qxc3 Nxc3 31. Ne3 a3 32. Rc2 Nb5 33. Rd1 d5 34. exd5 Re8 35. Kf2 Rxe3 0-1

[Event "Kireevsk"]
[Site "Kireevsk"]
[Date "2011.02.01"]
[Round "2"]
[White "Lunev, Andrey"]
[Black "Simantsev, Mikhail"]
[Result "0-1"]
[WhiteElo "2403"]
[BlackElo "2556"]
[PlyCount "148"]
[EventDate "2011.02.01"]
[EventType "tourn"]
[EventRounds "13"]
[EventCountry "RUS"]
[EventCategory "6"]
[SourceTitle "CBM 141 Extra"]
[Source "ChessBase"]
[SourceDate "2011.05.03"]
[SourceVersion "1"]
[SourceVersionDate "2011.05.03"]
[SourceQuality "1"]

1. e4 e5 2. Nf3 Nc6 3. Bb5 a6 4. Ba4 Nf6 5. 0-0 Bc5 6. c3 b5 7. Bb3 d6 8. a4 Rb8 9. d3 0-0 10. axb5 axb5 11. Re1 Bb6 12. Nbd2 Ng4 13. Re2 Kh8 14. h3 Nh6 15. Nf1 f5 16. Bxh6 gxh6 17. exf5 Bxf5 18. N1h2 Qf6 19. Kh1 h5 20. Rd2 Ne7 21. d4 e4 22. Ng1 Bg6 23. Nf1 c5 24. Ne3 cxd4 25. cxd4 Ra8 26. Rxa8 Rxa8 27. Nd5 Nxd5 28. Bxd5 Rc8 29. b3 Qg5 30. Be6 Re8 31. Bd7 Rg8 32. Bc6 d5 33. Bxb5 h4 34. Rc2 Bf5 35. Bf1 Qf4 36. Qc1 Qxc1 37. Rxc1 Bxd4 38. Rd1 Bxf2 39. Rxd5 Bg6 40. Rd1 Kg7 41. Bc4 Ra8 42. Ne2 Ra2 43. b4 Rb2 44. Rf1 e3 45. b5 Kf6 46. Nc3 Ke5 47. Rc1 Bh5 48. Na4 Rd2 49. b6 e2 50. Bxe2 Bxe2 51. b7 Ba7 52. Nb6 Rb2 53. Ra1 Rxb6 54. Rxa7 Bd3 55. Ra5+ Kf4 56. Rh5 Kg3 57. Rg5+ Kf2 58. Rg4 Rxb7 59. Rxh4 Ke3 60. Ra4 Rb2 61. Kg1 Be4 62. Ra3+ Kf4 63. g3+ Ke5 64. Ra5+ Kd4 65. Ra4+ Ke3 66. Ra3+ Bd3 67. g4 Rd2 68. h4 Kf4 69. g5 Kg3 70. Ra1 Rg2+ 71. Kh1 Rc2 72. h5 Be4+ 73. Kg1 Bf3 74. Kf1 Rh2 0-1

[Event "Belgrade Trophy 21st"]
[Site "Obrenovac"]
[Date "2008.12.03"]
[Round "7"]
[White "Protsenko, Roman"]
[Black "Lunev, Andrey"]
[Result "1/2-1/2"]
[WhiteElo "2265"]
[BlackElo "2429"]
[PlyCount "23"]
[EventDate "2008.11.27"]
[EventType "swiss"]
[EventRounds "9"]
[EventCountry "YUG"]
[SourceTitle "CBM 127 Extra"]
[Source "ChessBase"]
[SourceDate "2009.01.08"]
[SourceVersion "2"]
[SourceVersionDate "2009.01.28"]
[SourceQuality "1"]

1. e4 c5 2. c3 Nf6 3. e5 Nd5 4. d4 cxd4 5. Nf3 Nc6 6. cxd4 d6 7. Bc4 Nb6 8. Bb5 dxe5 9. Nxe5 Bd7 10. Bxc6 Bxc6 11. Nxc6 bxc6 12. 0-0 1/2-1/2

[Event "RUS Central Region-ch"]
[Site "Tula"]
[Date "2004.03.22"]
[Round "9"]
[White "Lunev, Andrey"]
[Black "Okrugin, Sergey"]
[Result "1/2-1/2"]
[WhiteElo "2462"]
[BlackElo "2395"]
[PlyCount "26"]
[EventDate "2004.03.14"]
[EventType "swiss"]
[EventRounds "9"]
[EventCountry "RUS"]
[SourceTitle "EXT 2005"]
[Source "ChessBase"]
[SourceDate "2004.11.15"]
[SourceVersion "1"]
[SourceVersionDate "2004.11.15"]
[SourceQuality "1"]

1. e4 c5 2. Nf3 d6 3. d4 cxd4 4. Nxd4 Nf6 5. Nc3 a6 6. Bg5 e6 7. Qd2 Be7 8. 0-0-0 Qc7 9. f4 Nbd7 10. Be2 b5 11. a3 Bb7 12. Bf3 0-0 13. Rhe1 Rad8 1/2-1/2

[Event "RUS Central Region-ch"]
[Site "Tula"]
[Date "2004.03.18"]
[Round "5"]
[White "Lunev, Andrey"]
[Black "Romanov, Evgeny"]
[Result "1/2-1/2"]
[WhiteElo "2462"]
[BlackElo "2392"]
[PlyCount "44"]
[EventDate "2004.03.14"]
[EventType "swiss"]
[EventRounds "9"]
[EventCountry "RUS"]
[SourceTitle "EXT 2005"]
[Source "ChessBase"]
[SourceDate "2004.11.15"]
[SourceVersion "1"]
[SourceVersionDate "2004.11.15"]
[SourceQuality "1"]

1. Nf3 Nf6 2. d4 e6 3. c4 c5 4. Nc3 cxd4 5. Nxd4 Nc6 6. Ndb5 d5 7. cxd5 Nxd5 8. Nxd5 exd5 9. e3 a6 10. Nd4 Bc5 11. Nxc6 bxc6 12. Bd3 Qd6 13. Bd2 Bb6 14. Qh5 h6 15. 0-0 0-0 16. Bc3 Bc7 17. Rfe1 c5 18. b3 Be6 19. e4 d4 20. e5 Qd7 21. Bd2 Bg4 22. Qh4 Bf5 1/2-1/2

[Event "RUS Central Region-ch"]
[Site "Tula"]
[Date "2004.03.14"]
[Round "1"]
[White "Lunev, Andrey"]
[Black "Korovianski, Dmitry"]
[Result "1/2-1/2"]
[WhiteElo "2462"]
[BlackElo "2259"]
[PlyCount "40"]
[EventDate "2004.03.14"]
[EventType "swiss"]
[EventRounds "9"]
[EventCountry "RUS"]
[SourceTitle "EXT 2005"]
[Source "ChessBase"]
[SourceDate "2004.11.15"]
[SourceVersion "1"]
[SourceVersionDate "2004.11.15"]
[SourceQuality "1"]

1. e4 c5 2. Nf3 Nc6 3. Bb5 e6 4. Bxc6 bxc6 5. 0-0 d6 6. e5 d5 7. d3 Ne7 8. c4 Ng6 9. Nc3 Be7 10. Na4 Qc7 11. Re1 0-0 12. b3 f6 13. exf6 Bxf6 14. Rb1 Ne5 15. Nxe5 Bxe5 16. g3 Bd4 17. Be3 e5 18. Nxc5 Bc3 19. Bd2 Bd4 20. Be3 Bc3 1/2-1/2

[Event "Petrov Memorial op"]
[Site "St Petersburg"]
[Date "2000.02.15"]
[Round "8"]
[White "Lunev, Andrey"]
[Black "Akhmetov, Artiom"]
[Result "1/2-1/2"]
[WhiteElo "2491"]
[BlackElo "2438"]
[PlyCount "150"]
[EventDate "2000.02.05"]
[EventType "swiss"]
[EventRounds "9"]
[EventCountry "RUS"]
[SourceTitle "CBM 076"]
[Source "ChessBase"]
[SourceDate "2000.05.31"]
[SourceVersion "1"]
[SourceVersionDate "2000.05.31"]
[SourceQuality "1"]

1. e4 d6 2. d4 Nf6 3. Nc3 e5 4. Nf3 Nbd7 5. Be2 Be7 6. 0-0 0-0 7. Re1 c6 8. a4 Re8 9. Bf1 Bf8 10. d5 a5 11. b3 Qc7 12. Ba3 Nb6 13. h3 Bd7 14. Qd2 Rec8 15. Bb2 Qd8 16. Rad1 Rc7 17. dxc6 bxc6 18. Ba3 Ne8 19. Nh2 Qh4 20. Nf3 Qf6 21. Qe3 Rb7 22. Nb1 Be6 23. Ng5 Bc8 24. Nf3 Be7 25. Nbd2 Bd8 26. Qc3 Bd7 27. Nh2 h5 28. Nhf3 Bc7 29. Bc1 Bb8 30. Nc4 Nxc4 31. Bxc4 Ba7 32. Re2 Bc5 33. Ng5 Bc8 34. Qg3 g6 35. Rd3 Qg7 36. Be3 Bxe3 37. Qxe3 Kh8 38. f4 f6 39. Nf3 Qh6 40. fxe5 Qxe3+ 41. Rexe3 fxe5 42. Ng5 Kg7 43. Rf3 Re7 44. Rd2 Raa7 45. Rdf2 h4 46. Rf8 d5 47. exd5 Bf5 48. Rg8+ Kxg8 49. d6+ Kg7 50. dxe7 e4 51. Re2 Rxe7 52. Nf3 g5 53. Nd4 Bd7 54. c3 Nd6 55. Ba6 c5 56. Nb5 Nf5 57. Na3 Ng3 58. Re1 Be8 59. Kf2 Bf7 60. Bc4 Rd7 61. Bxf7 Rxf7+ 62. Ke3 Rd7 63. Nc4 Rd3+ 64. Kf2 Rxc3 65. Nxa5 Kf6 66. Nc4 Rxb3 67. Ra1 Rb4 68. Ne3 Rb2+ 69. Kg1 Rb7 70. a5 Ra7 71. Nc4 Ke6 72. a6 Kd5 73. Nb6+ Kc6 74. Nc4 Ne2+ 75. Kf2 Nd4 1/2-1/2

[Event "Petrov Memorial op"]
[Site "St Petersburg"]
[Date "2000.02.14"]
[Round "7"]
[White "Kalugin, Sergey V"]
[Black "Lunev, Andrey"]
[Result "1/2-1/2"]
[WhiteElo "2497"]
[BlackElo "2491"]
[PlyCount "35"]
[EventDate "2000.02.05"]
[EventType "swiss"]
[EventRounds "9"]
[EventCountry "RUS"]
[SourceTitle "CBM 076"]
[Source "ChessBase"]
[SourceDate "2000.05.31"]
[SourceVersion "1"]
[SourceVersionDate "2000.05.31"]
[SourceQuality "1"]

1. e4 e5 2. Nf3 Nc6 3. Nc3 Nf6 4. d4 Bb4 5. Nxe5 Qe7 6. Nxc6 Qxe4+ 7. Be2 dxc6 8. 0-0 Qh4 9. g3 Qh3 10. Re1 0-0 11. Bf1 Qf5 12. Bf4 Bd6 13. Bxd6 cxd6 14. Qd2 h6 15. Bg2 Qg5 16. Qxg5 hxg5 17. Re7 Re8 18. Rxe8+ 1/2-1/2

[Event "Petrov Memorial op"]
[Site "St Petersburg"]
[Date "2000.02.12"]
[Round "5"]
[White "Chernyshov, Konstantin"]
[Black "Lunev, Andrey"]
[Result "0-1"]
[WhiteElo "2544"]
[BlackElo "2491"]
[PlyCount "86"]
[EventDate "2000.02.05"]
[EventType "swiss"]
[EventRounds "9"]
[EventCountry "RUS"]
[SourceTitle "CBM 076"]
[Source "ChessBase"]
[SourceDate "2000.05.31"]
[SourceVersion "1"]
[SourceVersionDate "2000.05.31"]
[SourceQuality "1"]

1. e4 e5 2. f4 exf4 3. Nf3 h6 4. Bc4 d6 5. d4 g5 6. 0-0 Bg7 7. g3 Bh3 8. Re1 fxg3 9. hxg3 Nc6 10. c3 Qd7 11. Be3 Nf6 12. Nbd2 Ng4 13. b4 Ne7 14. a4 Nxe3 15. Rxe3 0-0 16. Nh2 d5 17. g4 Bxg4 18. Qxg4 Qxg4+ 19. Nxg4 dxc4 20. Rh3 Kh7 21. e5 Nd5 22. Nxc4 Kg6 23. Na5 Rab8 24. b5 h5 25. Nf2 f5 26. c4 Nf4 27. Re3 g4 28. Rae1 h4 29. d5 Bh6 30. d6 g3 31. Nd3 Ne6 32. Rf3 Bd2 33. Nb3 Bxe1 34. Nxe1 cxd6 35. exd6 b6 36. Nd3 Rbd8 37. c5 Nxc5 38. Nbxc5 bxc5 39. d7 c4 40. Nc5 Rf6 41. Re3 Rd6 42. Re6+ Rxe6 43. Nxe6 c3 0-1

[Event "Tula"]
[Site "Tula"]
[Date "2000.??.??"]
[Round "13"]
[White "Slovineanu, Viacheslav"]
[Black "Lunev, Andrey"]
[Result "0-1"]
[WhiteElo "2425"]
[BlackElo "2491"]
[PlyCount "72"]
[EventDate "2000.??.??"]
[EventType "tourn"]
[EventRounds "15"]
[EventCountry "RUS"]
[EventCategory "5"]
[SourceTitle "EXT 2001"]
[Source "ChessBase"]
[SourceDate "2000.11.22"]
[SourceVersion "1"]
[SourceVersionDate "2000.11.22"]
[SourceQuality "1"]

1. e4 e5 2. Nf3 Nc6 3. Nc3 Nf6 4. Bb5 Bb4 5. 0-0 0-0 6. Bxc6 dxc6 7. d3 Nd7 8. Ne2 Re8 9. h3 Nf8 10. Be3 Bd6 11. Qd2 c5 12. Nh2 Ng6 13. Kh1 f6 14. g4 Be6 15. f3 a5 16. Rf2 a4 17. Nf1 Nf4 18. Nxf4 exf4 19. Bxf4 Bxf4 20. Qxf4 Qd4 21. Rg2 Qxb2 22. Rd1 Re7 23. Ng3 Rf8 24. c4 Qe5 25. Qc1 Rd8 26. f4 Qd6 27. Ne2 Red7 28. f5 Bf7 29. Nf4 Qe5 30. Re1 b5 31. cxb5 c4 32. dxc4 Rd4 33. Qe3 Bxc4 34. g5 fxg5 35. Rxg5 Bxa2 36. f6 Qxg5 0-1